Εθνογραφικός κινηματογράφος και ντοκιμαντέρ : θεωρητικές και μεθοδολογικές προσεγγίσεις

Αποθηκεύτηκε σε:
Λεπτομέρειες βιβλιογραφικής εγγραφής
Κύριος συγγραφέας: Mead, Margaret, 1901-1978
Άλλοι συγγραφείς: Νικολακάκης, Γιώργος (Επιμελητής έκδοσης)
Μορφή: Βιβλίο
Γλώσσα:Greek
Δημοσίευση: Αθήνα : Αιγόκερως, 1998
Σειρά:Κινηματογράφος (Αιγόκερως (Εταιρεία))
Θέματα:
Ετικέτες: Προσθήκη ετικέτας
Δεν υπάρχουν, Καταχωρήστε ετικέτα πρώτοι!

MARC

LEADER 00000cam a2200000 i 4500
001 1/17481
008 010222s1998 gre d
020 |a 960-322-106-6 
035 |l 10066153 
040 |a GR-MY-UA  |b gre  |e aacr 
041 1 |a gre 
082 0 |a 791.43620358  |2 (22) 
100 1 |a Mead, Margaret,   |d 1901-1978. 
245 1 0 |a Εθνογραφικός κινηματογράφος και ντοκιμαντέρ :  |b θεωρητικές και μεθοδολογικές προσεγγίσεις /  |c κείμενα: Margaret Mead ... [κ. ά.] ; επιμέλεια και πρόλογος: Γιώργος Νικολακάκης ; μετάφραση: Βίκυ Μπαρδή, Γιώργος Νικολακάκης 
260 |a Αθήνα :   |b Αιγόκερως,   |c 1998 
300 |a 173 σ.;  |b εικ.;  |c 21 εκ. 
490 1 |a Κινηματογράφος 
504 |a Περιέχει βιβλιογραφικές παραπομπές 
650 0 0 |a Cinematography. 
650 0 0 |a Documentary films. 
700 1 |a Νικολακάκης, Γιώργος.  |4 edt 
830 0 |a Κινηματογράφος (Αιγόκερως (Εταιρεία)) 
852 |a INST  |b LESVOS  |e 20020116  |h 791.43620358 ΕΘΝ  |p 005100028516  |q 005100028516  |t BK  |y 0 
852 |a INST  |b LESVOS  |e 20070928  |h 791.43620358 ΕΘΝ  |p 005100037632  |q 005100037632  |t BK  |y 0 
852 |a INST  |b LESVOS  |e 20110729  |h 791.43620358 ΕΘΝ  |p 005100050011  |q 005100050011  |t BK  |y 0 
852 |a INST  |b RHODES  |e 20100224  |h 791.43620358 ΕΘΝ  |p 005400032522  |q 005400032522  |t BK  |y 0 
852 |a INST  |b SYROS  |e 20090309  |h 791.436 ΕΘΝ  |p 005500008613  |q 005500008613  |t BK  |y 0 
901 |a BIBL5-2001-1 
901 |a BIBL1-2002-1 
901 |a BIBL1-2007-3 
901 |a BIBL4-2010-1 
901 |a BIBL1-2011-2 
909 |a Ε  |b 154578 
909 |a Λ  |b 098215 
909 |a Λ  |b 136685 
909 |a Λ  |b 170237 
909 |a Ρ  |b 159744 
922 |a 1ΕΛΗ  |b 2007-07  |c ΕΠΕΑΕΚ2/ΠΤΕ  |d Σ. ΠΑΤΑΚΗΣ 
970 |a ΚΟΝΤΟΥ  |b ΠΑΡΑΣΚΕΥΗ  |z 2001/02/22